[Event "Oberliga Ost A 2018 2019"]
[Site "?"]
[Date "2019.04.06"]
[Round "10.3"]
[White "Niegsch, Nicolas"]
[Black "Zimmermann, Rene"]
[Result "1-0"]
[WhiteElo "2264"]
[BlackElo "2225"]
[PlyCount "99"]
[EventDate "2018.10.21"]
[EventType "team-tourn"]
[EventCountry "GER"]
[WhiteTeam "Loeberitz SG"]
[BlackTeam "Dresden SG Gruen Weiss"]
[WhiteTeamCountry "GER"]
[BlackTeamCountry "GER"]

1. Nf3 d5 2. d4 c6 3. c4 e6 4. g3 f5 5. Bg2 Nf6 6. O-O Bd6 7. b3 Qe7 8. Bb2 a5
9. Ne5 O-O 10. Nd2 b5 11. Qc2 Ba6 12. c5 Bc7 13. a3 b4 14. Ndf3 bxa3 15. Rxa3
Bb5 16. Rfa1 Ne4 17. Nd3 Nd7 18. Bc1 g5 19. b4 Ra6 20. bxa5 Rfa8 21. Bd2 Bxd3
22. Qxd3 f4 23. Bb4 Qf6 24. Nd2 fxg3 25. Nxe4 dxe4 26. Qxe4 gxf2+ 27. Kf1 Rf8
28. Rf3 Qe7 29. Rxf8+ Nxf8 30. Qd3 Ra7 31. Bxc6 Bxh2 32. Be4 Qf6 33. c6 Rf7 34.
Bc5 Bb8 35. Qh3 Qf4 36. Qg2 Qd2 37. a6 h6 38. Qh3 Rf4 39. Bd3 Kg7 40. a7 Bxa7
41. Rxa7+ Kg8 42. Ra1 Rh4 43. Qf3 Rf4 44. Qg2 Rf7 45. Qg3 Qb2 46. Rb1 Qa2 47.
Bxf8 Rxf8 48. Qc7 Rf7 49. Rb8+ Kg7 50. Qe5+ 1-0

[Event "Oberliga Ost A 2018 2019"]
[Site "?"]
[Date "2019.04.06"]
[Round "10.4"]
[White "Hutsch, Oliver"]
[Black "Schuetze, Norman"]
[Result "1/2-1/2"]
[WhiteElo "2139"]
[BlackElo "2287"]
[PlyCount "72"]
[EventDate "2018.10.21"]
[EventType "team-tourn"]
[EventCountry "GER"]
[WhiteTeam "Dresden SG Gruen Weiss"]
[BlackTeam "Loeberitz SG"]
[WhiteTeamCountry "GER"]
[BlackTeamCountry "GER"]

1. d4 Nf6 2. Nf3 d5 3. g3 g6 4. Bg2 Bg7 5. O-O O-O 6. Nbd2 c6 7. Re1 Ne4 8.
Nxe4 dxe4 9. Nd2 f5 10. c3 Nd7 11. f3 e5 12. fxe4 exd4 13. cxd4 Bxd4+ 14. e3
Bg7 15. exf5 Rxf5 16. Nc4 Rf8 17. Rf1 Nc5 18. Rxf8+ Qxf8 19. Qc2 Qe7 20. e4 Ne6
21. Be3 Nd4 22. Qf2 c5 23. e5 Be6 24. Bxd4 cxd4 25. Qxd4 Rd8 26. Nd6 Bxe5 27.
Qxe5 Qxd6 28. Qxd6 Rxd6 29. Bxb7 Rb6 30. Bf3 Rxb2 31. a4 a5 32. Re1 Bd7 33. Re5
Bxa4 34. Rxa5 Bb5 35. Ra7 Rd2 36. Ra2 Rxa2 1/2-1/2

[Event "Oberliga Ost A 2018 2019"]
[Site "?"]
[Date "2019.04.06"]
[Round "10.5"]
[White "Schindler, Christian"]
[Black "Rudolf, Matthias"]
[Result "1/2-1/2"]
[WhiteElo "2179"]
[BlackElo "2087"]
[PlyCount "51"]
[EventDate "2018.10.21"]
[EventType "team-tourn"]
[EventCountry "GER"]
[WhiteTeam "Loeberitz SG"]
[BlackTeam "Dresden SG Gruen Weiss"]
[WhiteTeamCountry "GER"]
[BlackTeamCountry "GER"]

1. d4 b6 2. Nf3 Bb7 3. Bf4 Nf6 4. e3 g6 5. c4 Bg7 6. Nc3 O-O 7. h3 d6 8. Be2
Ne4 9. Nxe4 Bxe4 10. O-O Nd7 11. Qd2 a5 12. Rfd1 h6 13. Rac1 g5 14. Bg3 f5 15.
d5 Bxf3 16. Bxf3 Be5 17. Bxe5 Nxe5 18. Bh5 f4 19. exf4 gxf4 20. Rc3 Rf6 21. Re1
Qd7 22. Qd1 Raf8 23. Bg4 Qe8 24. Bh5 Qd7 25. Bg4 Qe8 26. Bh5 1/2-1/2

[Event "Oberliga Ost A 2018 2019"]
[Site "?"]
[Date "2019.04.06"]
[Round "10.6"]
[White "Hutschenreiter, Joerg"]
[Black "Schuster, Martin"]
[Result "0-1"]
[WhiteElo "2024"]
[BlackElo "2201"]
[PlyCount "54"]
[EventDate "2018.10.21"]
[EventType "team-tourn"]
[EventCountry "GER"]
[WhiteTeam "Dresden SG Gruen Weiss"]
[BlackTeam "Loeberitz SG"]
[WhiteTeamCountry "GER"]
[BlackTeamCountry "GER"]

1. d4 Nf6 2. c4 e6 3. Nc3 Bb4 4. e3 O-O 5. Bd3 d5 6. Nf3 b6 7. O-O dxc4 8. Bxc4
Bb7 9. Qe2 Nbd7 10. Rd1 Qe7 11. a3 Bxc3 12. bxc3 Ne4 13. Bb2 c5 14. Nd2 Nxd2
15. Rxd2 Nf6 16. f3 Rfd8 17. Rad1 Rac8 18. e4 Qc7 19. Ba6 Bxa6 20. Qxa6 h6 21.
Qe2 Re8 22. g3 Qc6 23. e5 Nh7 24. d5 exd5 25. Rxd5 c4 26. Qf2 Ng5 27. Bc1 Nh3+
0-1

[Event "Oberliga Ost A 2018 2019"]
[Site "?"]
[Date "2019.04.06"]
[Round "10.7"]
[White "Kalkhof, Stefan"]
[Black "Radke, Rocco Mario"]
[Result "1-0"]
[WhiteElo "2209"]
[BlackElo "2115"]
[PlyCount "63"]
[EventDate "2018.10.21"]
[EventType "team-tourn"]
[EventCountry "GER"]
[WhiteTeam "Loeberitz SG"]
[BlackTeam "Dresden SG Gruen Weiss"]
[WhiteTeamCountry "GER"]
[BlackTeamCountry "GER"]

1. Nf3 Nf6 2. b3 g6 3. Bb2 Bg7 4. g3 O-O 5. Bg2 c5 6. c4 e6 7. O-O d5 8. cxd5
exd5 9. d4 b6 10. Nc3 Bb7 11. Rc1 Na6 12. Ba3 Re8 13. dxc5 Nxc5 14. Bxc5 bxc5
15. Na4 Ba6 16. Re1 c4 17. Nc5 Bb5 18. a4 Qb6 19. axb5 Qxc5 20. bxc4 Ne4 21. e3
dxc4 22. Nd4 f5 23. Qa4 Rac8 24. Nb3 Qc7 25. Bxe4 Rxe4 26. Nd2 Rg4 27. f4 c3
28. Nf1 c2 29. Re2 Qb7 30. Rexc2 Rxc2 31. Qxc2 Qf3 32. Qc4+ 1-0

[Event "Oberliga Ost A 2018 2019"]
[Site "?"]
[Date "2019.04.06"]
[Round "10.8"]
[White "Dahl, Christoph"]
[Black "Ozols, Andris"]
[Result "0-1"]
[WhiteElo "2030"]
[BlackElo "1647"]
[PlyCount "118"]
[EventDate "2018.10.21"]
[EventType "team-tourn"]
[EventCountry "GER"]
[WhiteTeam "Dresden SG Gruen Weiss"]
[BlackTeam "Loeberitz SG"]
[WhiteTeamCountry "GER"]
[BlackTeamCountry "GER"]

1. e4 c5 2. Nf3 d6 3. d4 cxd4 4. Nxd4 Nf6 5. Nc3 g6 6. Be3 Bg7 7. f3 O-O 8. Bc4
Nc6 9. Qd2 Bd7 10. O-O-O Qa5 11. Kb1 Rfc8 12. Bb3 Ne5 13. g4 Nc4 14. Bxc4 Rxc4
15. Nb3 Qe5 16. f4 Qxc3 17. bxc3 Nxe4 18. Qd3 Nxc3+ 19. Kc1 Nxa2+ 20. Kd2 Rac8
21. Bd4 Nb4 22. Qg3 Bxd4 23. Nxd4 Rxd4+ 24. Kc1 Rxc2+ 25. Kb1 Rdc4 26. Rc1 Ba4
27. Rhg1 Nd5 28. Rxc2 Rxc2 29. Rg2 Nc3+ 30. Ka1 Rc1+ 31. Kb2 Rb1+ 32. Kxc3 Rb3+
33. Kc4 Rxg3 34. Rxg3 Bc6 35. Ra3 a6 36. Kb4 Kg7 37. Re3 e6 38. Rd3 e5 39. fxe5
dxe5 40. Kc5 f5 41. g5 f4 42. Rd2 e4 43. Kd4 e3 44. Rd1 e2 45. Re1 f3 46. Ke3
h6 47. h4 hxg5 48. hxg5 Kf7 49. Kf2 Ke6 50. Rc1 a5 51. Rc3 a4 52. Rc5 Kd6 53.
Rc4 Kd5 54. Rf4 Ke5 55. Rf8 Kd4 56. Rd8+ Kc3 57. Ra8 Kb2 58. Rd8 a3 59. Rd2+
Kc3 0-1

[Event "Oberliga Ost A 2018 2019"]
[Site "?"]
[Date "2019.04.06"]
[Round "10.1"]
[White "Hoepfl, Thomas"]
[Black "Urban, Konstantin"]
[Result "1/2-1/2"]
[WhiteElo "2267"]
[BlackElo "2315"]
[PlyCount "55"]
[EventDate "2018.10.21"]
[EventType "team-tourn"]
[EventCountry "GER"]
[WhiteTeam "Halle USV"]
[BlackTeam "Dresden USV TU II"]
[WhiteTeamCountry "GER"]
[BlackTeamCountry "GER"]

1. e4 c5 2. Nf3 d6 3. Bb5+ Nc6 4. Bxc6+ bxc6 5. O-O e5 6. c3 Nf6 7. d3 Bg4 8.
Nbd2 Be7 9. h3 Bh5 10. Nc4 O-O 11. Ne3 Re8 12. Nf5 Qd7 13. Ng3 Bg6 14. Nh4 Qb7
15. Nhf5 Nd7 16. h4 Bxf5 17. Nxf5 Bf8 18. Qg4 Kh8 19. h5 h6 20. Re1 Qc7 21. Re3
Nf6 22. Qh4 Qd8 23. Rg3 d5 24. Be3 Re6 25. c4 Ng8 26. Qg4 Nf6 27. Qh4 Ng8 28.
Qg4 1/2-1/2

[Event "Oberliga Ost A 2018 2019"]
[Site "?"]
[Date "2019.04.06"]
[Round "10.2"]
[White "Wegener, Dirk"]
[Black "Becker, Michael"]
[Result "1/2-1/2"]
[WhiteElo "2378"]
[BlackElo "2272"]
[PlyCount "41"]
[EventDate "2018.10.21"]
[EventType "team-tourn"]
[EventCountry "GER"]
[WhiteTeam "Dresden USV TU II"]
[BlackTeam "Halle USV"]
[WhiteTeamCountry "GER"]
[BlackTeamCountry "GER"]

1. e4 c5 2. Nf3 Nc6 3. d4 cxd4 4. Nxd4 g6 5. c4 Nf6 6. Nc3 d6 7. Be2 Nxd4 8.
Qxd4 Bg7 9. Bg5 O-O 10. Qe3 Qb6 11. Qxb6 axb6 12. Rc1 h6 13. Bd2 Nd7 14. Rc2
Nc5 15. f3 Ne6 16. Bd3 Nc5 17. Ke2 Ne6 18. Kf2 Nc5 19. Ke2 Ne6 20. Kf2 Nc5 21.
Ke2 1/2-1/2

[Event "Oberliga Ost A 2018 2019"]
[Site "?"]
[Date "2019.04.06"]
[Round "10.3"]
[White "Hartge, Gedeon"]
[Black "Wong, Gengchun"]
[Result "1-0"]
[WhiteElo "2209"]
[BlackElo "2147"]
[PlyCount "101"]
[EventDate "2018.10.21"]
[EventType "team-tourn"]
[EventCountry "GER"]
[WhiteTeam "Halle USV"]
[BlackTeam "Dresden USV TU II"]
[WhiteTeamCountry "GER"]
[BlackTeamCountry "GER"]

1. d4 d5 2. c4 dxc4 3. Nf3 Nf6 4. e3 e6 5. Bxc4 c5 6. O-O a6 7. dxc5 Qxd1 8.
Rxd1 Bxc5 9. a3 O-O 10. b4 Be7 11. Bb2 b5 12. Be2 Nbd7 13. Nbd2 Bb7 14. Rac1
Rac8 15. Nb3 Rfd8 16. Na5 Ba8 17. Nd4 Bf8 18. Ndc6 Re8 19. a4 Bxc6 20. Nxc6
bxa4 21. Bxa6 Rxc6 22. Rxc6 Nb8 23. Rb6 Nxa6 24. Rxa6 Bxb4 25. Bxf6 gxf6 26.
Rxa4 Bc3 27. Rc4 Be5 28. Rd7 f5 29. f4 Bf6 30. Rcc7 Rf8 31. Kf2 Kg7 32. Kf3 Kg6
33. g3 h6 34. Rb7 Bh8 35. h3 h5 36. e4 fxe4+ 37. Kxe4 Ra8 38. Ra7 Rf8 39. h4
Bf6 40. Kf3 Bh8 41. Kg2 Bf6 42. Kh3 Bh8 43. Ra5 Bf6 44. Rb5 Rh8 45. Rd3 Ra8 46.
Rf3 Rc8 47. f5+ exf5 48. Rbxf5 Rc6 49. Rd5 Re6 50. Rff5 Bc3 51. Rg5+ 1-0

[Event "Oberliga Ost A 2018 2019"]
[Site "?"]
[Date "2019.04.06"]
[Round "10.4"]
[White "Salzmann, Peter"]
[Black "Puls, Thomas"]
[Result "1-0"]
[WhiteElo "2155"]
[BlackElo "2194"]
[PlyCount "63"]
[EventDate "2018.10.21"]
[EventType "team-tourn"]
[EventCountry "GER"]
[WhiteTeam "Dresden USV TU II"]
[BlackTeam "Halle USV"]
[WhiteTeamCountry "GER"]
[BlackTeamCountry "GER"]

1. c4 f5 2. g3 Nf6 3. Bg2 g6 4. Nc3 Bg7 5. d3 d6 6. Bg5 c6 7. Qd2 h6 8. Be3 Ng4
9. Nf3 O-O 10. h3 Nxe3 11. fxe3 Nd7 12. g4 Ne5 13. gxf5 Rxf5 14. O-O-O e6 15.
Nxe5 Rxe5 16. Be4 d5 17. Bf3 Qh4 18. Rdg1 Rg5 19. Rxg5 Qxg5 20. h4 Qf6 21. e4
dxc4 22. dxc4 e5 23. b3 h5 24. Kc2 Be6 25. Qd6 Rd8 26. Qc7 Rd7 27. Qb8+ Qd8 28.
Qxa7 b5 29. Qg1 Kh7 30. cxb5 cxb5 31. Nd5 Ra7 32. Qxa7 1-0

[Event "Oberliga Ost A 2018 2019"]
[Site "?"]
[Date "2019.04.06"]
[Round "10.5"]
[White "Schulte, Felix"]
[Black "Oehl, Tim"]
[Result "0-1"]
[WhiteElo "2084"]
[BlackElo "2130"]
[PlyCount "74"]
[EventDate "2018.10.21"]
[EventType "team-tourn"]
[EventCountry "GER"]
[WhiteTeam "Halle USV"]
[BlackTeam "Dresden USV TU II"]
[WhiteTeamCountry "GER"]
[BlackTeamCountry "GER"]

1. e4 e6 2. d4 d5 3. Nd2 h6 4. Bd3 Nf6 5. e5 Nfd7 6. Ne2 c5 7. c3 Nc6 8. O-O
Be7 9. f4 Qb6 10. Nf3 g6 11. Kh1 Nf8 12. a3 c4 13. Bc2 Bd7 14. Be3 Na5 15. Nd2
h5 16. Rb1 O-O-O 17. Nf3 Be8 18. Ng5 Nd7 19. Bg1 Nb8 20. Qc1 Rd7 21. Ba4 Nbc6
22. Qe3 Rc7 23. Qh3 Nd8 24. Bc2 Nac6 25. Be3 Bf8 26. Rfc1 Ne7 27. Qf3 Kb8 28.
Bf2 Qa6 29. Bh4 Ba4 30. b3 Bxb3 31. Bxb3 cxb3 32. Rxb3 Nf5 33. Be1 Nc6 34. Rcb1
Na5 35. Rb5 Nc4 36. Qd3 Bxa3 37. Kg1 Nb2 0-1

[Event "Oberliga Ost A 2018 2019"]
[Site "?"]
[Date "2019.04.06"]
[Round "10.6"]
[White "Richter, Philipp"]
[Black "Reipsch, Jens"]
[Result "0-1"]
[WhiteElo "2036"]
[BlackElo "2238"]
[PlyCount "128"]
[EventDate "2018.10.21"]
[EventType "team-tourn"]
[EventCountry "GER"]
[WhiteTeam "Dresden USV TU II"]
[BlackTeam "Halle USV"]
[WhiteTeamCountry "GER"]
[BlackTeamCountry "GER"]

1. d4 c5 2. d5 b5 3. c4 Nf6 4. Nf3 Bb7 5. e4 d6 6. Qc2 b4 7. a3 a5 8. axb4 cxb4
9. Be3 g6 10. Nbd2 Bg7 11. c5 dxc5 12. Qxc5 O-O 13. Be2 Nbd7 14. Qb5 Qc7 15.
Nd4 Rfb8 16. Qa4 Nb6 17. Qb3 Nxe4 18. Nxe4 Bxd5 19. Qd3 Rd8 20. Rd1 Rac8 21.
Nb5 Qb8 22. b3 Bc6 23. Nd4 Ba8 24. Qb1 e5 25. Nf3 Rxd1+ 26. Bxd1 Nd5 27. Bd2 f5
28. Ng3 e4 29. Ng5 Bc3 30. Bxc3 bxc3 31. O-O Nf4 32. Ne2 c2 33. Bxc2 Nxe2+ 34.
Kh1 Qc7 35. Bd1 Nd4 36. b4 h6 37. Nh3 Qc4 38. Re1 Qxb4 39. Qa2+ Kg7 40. Rg1 Rc1
41. Nf4 Bc6 42. Nxg6 Ba4 43. Qxa4 Qxa4 44. Bxa4 Rxg1+ 45. Kxg1 Kxg6 46. Kf1 Kf6
47. Ke1 Ke5 48. Kd2 Ne6 49. Bc2 Kd4 50. h3 Nf4 51. g4 Nxh3 52. gxf5 Ng5 53. Ba4
Nf3+ 54. Ke2 Ke5 55. Ke3 Nh4 56. f4+ exf3 57. Bd7 Nxf5+ 58. Kxf3 Nd4+ 59. Kg4
Kd5 60. Ba4 Kc4 61. Kh5 Kb4 62. Bd7 Nb5 63. Be6 a4 64. Kxh6 Nd4 0-1

[Event "Oberliga Ost A 2018 2019"]
[Site "?"]
[Date "2019.04.06"]
[Round "10.7"]
[White "Groebel, Aaron"]
[Black "Ledfuss, Guntram"]
[Result "1-0"]
[WhiteElo "2091"]
[BlackElo "2002"]
[PlyCount "157"]
[EventDate "2018.10.21"]
[EventType "team-tourn"]
[EventCountry "GER"]
[WhiteTeam "Halle USV"]
[BlackTeam "Dresden USV TU II"]
[WhiteTeamCountry "GER"]
[BlackTeamCountry "GER"]

1. e4 e5 2. Nf3 Nc6 3. Bc4 Bc5 4. c3 Nf6 5. d3 d6 6. Nbd2 a6 7. Bb3 O-O 8. O-O
Bg4 9. h3 Bh5 10. Re1 Nd7 11. g4 Bg6 12. Nf1 Kh8 13. Ng3 f6 14. Kg2 Ba7 15. h4
Nc5 16. Bc2 d5 17. h5 Bf7 18. Qe2 dxe4 19. dxe4 Qd7 20. Nh4 Rad8 21. Rd1 Qc8
22. Be3 Ne6 23. Ngf5 Bxe3 24. fxe3 Rxd1 25. Rxd1 Rd8 26. Rf1 Rd7 27. Rf2 Qd8
28. Kg3 Ng5 29. b3 Qf8 30. Rh2 Kg8 31. Nf3 Nxf3 32. Qxf3 Nd8 33. Nh4 Be6 34.
Rf2 Nf7 35. Qg2 Qc5 36. Re2 Qxc3 37. Qf2 Ng5 38. Nf3 Nf7 39. Nh4 Nd6 40. Kh3
Qa1 41. Qf3 Nf7 42. Kh2 Qxa2 43. Nf5 h6 44. Nxg7 Ng5 45. Qxf6 Rxg7 46. Rf2 Bxg4
47. Bd1 Qxf2+ 48. Qxf2 Bxd1 49. b4 Bxh5 50. Qf6 Be2 51. Qf2 Bc4 52. Qf5 Be6 53.
Qf6 Kh7 54. Kh1 Bg4 55. Kh2 b6 56. b5 axb5 57. Kh1 b4 58. Qf8 Bf3+ 59. Qxf3 b3
60. Qf5+ Kh8 61. Qf8+ Kh7 62. Qf5+ Rg6 63. Qd7+ Kg8 64. Qe8+ Kh7 65. Qd7+ Rg7
66. Qf5+ Kg8 67. Qc8+ Kf7 68. Qxc7+ Kg6 69. Qxe5 Rf7 70. Qb2 Rf1+ 71. Kg2 Rd1
72. Qxb3 Rd2+ 73. Kg3 Rd6 74. e5 Re6 75. Kf4 Rc6 76. Qd3+ Kh5 77. Kf5 Kh4 78.
Qd1 Kg3 79. Qg1+ 1-0

[Event "Oberliga Ost A 2018 2019"]
[Site "?"]
[Date "2019.04.06"]
[Round "10.8"]
[White "Schmalhofer, Adam"]
[Black "Groeger, Stefan"]
[Result "1/2-1/2"]
[WhiteElo "2083"]
[BlackElo "2127"]
[PlyCount "38"]
[EventDate "2018.10.21"]
[EventType "team-tourn"]
[EventCountry "GER"]
[WhiteTeam "Dresden USV TU II"]
[BlackTeam "Halle USV"]
[WhiteTeamCountry "GER"]
[BlackTeamCountry "GER"]

1. d4 Nf6 2. c4 e6 3. Nc3 d5 4. Bg5 Be7 5. e3 Nbd7 6. Nf3 c6 7. Rc1 h6 8. Bf4
Nh5 9. Bg3 Nxg3 10. hxg3 a6 11. c5 Qc7 12. b4 e5 13. a4 Bf6 14. Be2 O-O 15. e4
exd4 16. Nxd4 dxe4 17. Nxe4 Qe5 18. Nxf6+ Nxf6 19. O-O Be6 1/2-1/2

[Event "Oberliga Ost A 2018 2019"]
[Site "?"]
[Date "2019.04.06"]
[Round "10.1"]
[White "Bures, Jaroslav"]
[Black "Natsidis, Christoph"]
[Result "1/2-1/2"]
[WhiteElo "2384"]
[BlackElo "2307"]
[PlyCount "36"]
[EventDate "2018.10.21"]
[EventType "team-tourn"]
[EventCountry "GER"]
[WhiteTeam "Hoyerswerda FVS ASP"]
[BlackTeam "Leipzig SG"]
[WhiteTeamCountry "GER"]
[BlackTeamCountry "GER"]

1. e4 c5 2. Nf3 e6 3. d4 cxd4 4. Nxd4 a6 5. Bd3 Nf6 6. O-O Qc7 7. c4 Nc6 8.
Nxc6 dxc6 9. Nc3 e5 10. Be3 Ng4 11. Bd2 Bc5 12. Na4 Bd4 13. h3 Nf6 14. c5 Be6
15. Bg5 Qe7 16. Qf3 h6 17. Be3 Rd8 18. Rfd1 O-O {Rest nicht nachvollziehbar}
1/2-1/2

[Event "Oberliga Ost A 2018 2019"]
[Site "?"]
[Date "2019.04.06"]
[Round "10.3"]
[White "Orsag, Milan"]
[Black "Pietzsch, Manuel"]
[Result "1-0"]
[WhiteElo "2309"]
[BlackElo "2166"]
[PlyCount "73"]
[EventDate "2018.10.21"]
[EventType "team-tourn"]
[EventCountry "GER"]
[WhiteTeam "Hoyerswerda FVS ASP"]
[BlackTeam "Leipzig SG"]
[WhiteTeamCountry "GER"]
[BlackTeamCountry "GER"]

1. d4 Nf6 2. Nf3 e6 3. g3 b5 4. Bg2 Bb7 5. O-O c5 6. b3 Be7 7. Bb2 O-O 8. Nbd2
d5 9. dxc5 Bxc5 10. Ne5 Nbd7 11. Nd3 Be7 12. c4 b4 13. cxd5 Bxd5 14. e4 Bb7 15.
Re1 Nb6 16. Ne5 Nfd7 17. Nxd7 Qxd7 18. Qg4 g6 19. Rad1 Qb5 20. h4 Rac8 21. Bf1
Qa5 22. Nc4 Nxc4 23. Bxc4 Rfd8 24. Qf4 Ba6 25. Rxd8+ Rxd8 26. Bxa6 Qxa6 27. Qh6
Bf8 28. Qg5 Qd6 29. Qf6 e5 30. Bxe5 Qxf6 31. Bxf6 Rd2 32. Rc1 Rd7 33. g4 h5 34.
Rc8 hxg4 35. Kg2 a5 36. Kg3 Ra7 37. Kxg4 1-0

[Event "Oberliga Ost A 2018 2019"]
[Site "?"]
[Date "2019.04.06"]
[Round "10.4"]
[White "Nguyen, Alex Dac Vuong"]
[Black "Hovsepyan, Vardan"]
[Result "1-0"]
[WhiteElo "2112"]
[BlackElo "2234"]
[PlyCount "145"]
[EventDate "2018.10.21"]
[EventType "team-tourn"]
[EventCountry "GER"]
[WhiteTeam "Leipzig SG"]
[BlackTeam "Hoyerswerda FVS ASP"]
[WhiteTeamCountry "GER"]
[BlackTeamCountry "GER"]

1. Nf3 e6 2. g3 Nf6 3. Bg2 d5 4. O-O c5 5. c4 Nc6 6. d4 Ne4 7. cxd5 exd5 8. Nc3
Be7 9. dxc5 Nxc3 10. bxc3 Bxc5 11. Nd4 O-O 12. Be3 Bb6 13. Rb1 Ne7 14. Rb2 Bd7
15. Nc2 Qc7 16. Bxb6 axb6 17. Qd4 Rfc8 18. Ne3 Qxc3 19. Qxc3 Rxc3 20. Nxd5 Nxd5
21. Bxd5 Bc6 22. Bxc6 Rxc6 23. Rd1 Kf8 24. Rd7 Ra7 25. Kg2 h5 26. Rd5 g6 27.
Rdb5 Ra6 28. e4 Ke7 29. Kf3 Kd7 30. Kf4 Ke7 31. Kg5 Kf8 32. f4 Kg7 33. e5 Ra4
34. Rxb6 Rxb6 35. Rxb6 Rxa2 36. Rxb7 Re2 37. h3 Re3 38. Kh4 Re4 39. Rb6 Re1 40.
Rf6 Re3 41. g4 hxg4 42. Kxg4 Re1 43. Rd6 Re3 44. Rd7 Re1 45. Rc7 Re3 46. h4 Re1
47. Rd7 Re4 48. h5 gxh5+ 49. Kg5 h4 50. Rd3 Re1 51. Rh3 Rg1+ 52. Kf5 Rg6 53.
Rxh4 Ra6 54. Rg4+ Kf8 55. Rg3 Rb6 56. Rc3 Ra6 57. Rc7 Rb6 58. Rd7 Kg7 59. Rd6
Rb5 60. Ra6 Rb4 61. Kg5 Rb5 62. Ra7 Rc5 63. Re7 Rc6 64. f5 Kf8 65. Ra7 Rb6 66.
Ra8+ Kg7 67. f6+ Kh7 68. Ra7 Kg8 69. Kh6 Rb8 70. e6 fxe6 71. Kg6 e5 72. Rg7+
Kf8 73. Rh7 1-0

[Event "Oberliga Ost A 2018 2019"]
[Site "?"]
[Date "2019.04.06"]
[Round "10.5"]
[White "Kesik, Klaus Dieter"]
[Black "Roesemann, Rainer"]
[Result "1-0"]
[WhiteElo "2196"]
[BlackElo "2230"]
[PlyCount "147"]
[EventDate "2018.10.21"]
[EventType "team-tourn"]
[EventCountry "GER"]
[WhiteTeam "Hoyerswerda FVS ASP"]
[BlackTeam "Leipzig SG"]
[WhiteTeamCountry "GER"]
[BlackTeamCountry "GER"]

1. e4 c6 2. d4 d5 3. Nc3 dxe4 4. Nxe4 Nf6 5. Nxf6+ exf6 6. Nf3 Bd6 7. Be2 O-O
8. h3 Re8 9. O-O Nd7 10. Re1 Nf8 11. c4 Be6 12. Qc2 Qd7 13. Bf1 Ng6 14. a3 Bf5
15. Qc3 Rxe1 16. Nxe1 c5 17. Be3 cxd4 18. Bxd4 b6 19. Rc1 Rd8 20. c5 bxc5 21.
Bxc5 Be5 22. Qb3 Qd2 23. Be3 Qxb2 24. Qa4 Qb8 25. Bxa7 Qa8 26. Qa6 Rd6 27. Qa5
Rd5 28. Qa6 Rd6 29. Qa5 Nf4 30. Bb6 Qb7 31. Rc7 Qb8 32. Ra7 Be4 33. Bc7 Qe8 34.
Bxd6 Bxd6 35. Qd2 Qe5 36. g3 Ne6 37. Bg2 Bc5 38. Ra5 Bxg2 39. Kxg2 g6 40. Ra8+
Kg7 41. Ra4 Qc7 42. Qd5 Qe7 43. Nc2 h5 44. h4 Nc7 45. Qe4 Qd6 46. Rc4 Ne6 47.
a4 f5 48. Qf3 Kh7 49. Ne3 Qd2 50. Rc2 Qb4 51. Rc4 Qb3 52. Qd1 Qb6 53. Nd5 Qa7
54. Qc2 Kg7 55. Nf4 Nxf4+ 56. Rxf4 Bd6 57. Qc3+ Kh7 58. Rc4 Qe7 59. Qf3 f4 60.
Re4 Qf6 61. Re8 Qd4 62. gxf4 Qxa4 63. Re4 Qd7 64. Rd4 Qe7 65. f5 Be5 66. fxg6+
fxg6 67. Qe4 Qc7 68. Rc4 Qg7 69. Rc5 Bf6 70. Rxh5+ Kg8 71. Rb5 Qh6 72. Rb7 Bg7
73. Qe7 g5 74. Qxg7+ 1-0

[Event "Oberliga Ost A 2018 2019"]
[Site "?"]
[Date "2019.04.06"]
[Round "10.6"]
[White "Hoffmann, Hendrik"]
[Black "Jahnel, Guenther"]
[Result "1-0"]
[WhiteElo "2258"]
[BlackElo "2199"]
[PlyCount "85"]
[EventDate "2018.10.21"]
[EventType "team-tourn"]
[EventCountry "GER"]
[WhiteTeam "Leipzig SG"]
[BlackTeam "Hoyerswerda FVS ASP"]
[WhiteTeamCountry "GER"]
[BlackTeamCountry "GER"]

1. e4 d6 2. d4 Nf6 3. Nc3 g6 4. Nf3 Bg7 5. Be2 O-O 6. O-O c6 7. h3 Qc7 8. Bg5
Nbd7 9. Qd2 b5 10. a3 Bb7 11. Rfe1 a5 12. e5 b4 13. exf6 bxc3 14. Qxc3 Nxf6 15.
Qe3 Rfe8 16. Qf4 Rab8 17. Rab1 c5 18. Bb5 Rf8 19. c4 cxd4 20. Nxd4 e5 21. Qh4
Ne4 22. Nf3 Nxg5 23. Nxg5 h6 24. Ne4 f5 25. Nc3 g5 26. Qh5 e4 27. Rbd1 Bxc3 28.
bxc3 Rf6 29. Rd4 Rbf8 30. Rb1 Qe7 31. c5 d5 32. c6 Bxc6 33. Bxc6 Rxc6 34. Rxd5
e3 35. Re1 exf2+ 36. Kxf2 Qa7+ 37. Kf1 f4 38. Qf3 Rcf6 39. c4 Rc8 40. h4 Rxc4
41. hxg5 Rfc6 42. Rd8+ Kg7 43. Qd5 1-0

[Event "Oberliga Ost A 2018 2019"]
[Site "?"]
[Date "2019.04.06"]
[Round "10.7"]
[White "Boehm, Robert"]
[Black "Rausch, Stephan"]
[Result "0-1"]
[WhiteElo "2165"]
[BlackElo "2281"]
[PlyCount "122"]
[EventDate "2018.10.21"]
[EventType "team-tourn"]
[EventCountry "GER"]
[WhiteTeam "Hoyerswerda FVS ASP"]
[BlackTeam "Leipzig SG"]
[WhiteTeamCountry "GER"]
[BlackTeamCountry "GER"]

1. d4 d5 2. c4 e6 3. Nc3 c6 4. cxd5 exd5 5. Qc2 Nf6 6. Bg5 Be7 7. e3 h6 8. Bh4
O-O 9. Bd3 Ne8 10. Bxe7 Qxe7 11. Nge2 Nd6 12. O-O Nd7 13. Rae1 Nb6 14. Ng3 f5
15. f3 Qf6 16. f4 Bd7 17. Rf2 Rae8 18. Nf1 Re7 19. b3 Be8 20. Nd2 Bh5 21. Be2
Rxe3 22. Nf1 Re7 23. Rd1 Bg6 24. Bf3 Rfe8 25. Re2 Ne4 26. Re3 Nc8 27. Na4 Ncd6
28. Qd3 Qf7 29. Nb2 Bh5 30. Qc2 Nf6 31. Rxe7 Qxe7 32. Bxh5 Nxh5 33. g3 Qe4 34.
Qf2 Nf6 35. h3 Nb5 36. a4 Nd6 37. Nd3 Qe2 38. Qxe2 Rxe2 39. Rd2 Rxd2 40. Nxd2
Nfe4 41. Nf1 a5 42. Kg2 b5 43. Ne5 bxa4 44. bxa4 Nc4 45. Nxc6 Nc3 46. Ne7+ Kf8
47. Nxf5 Nxa4 48. N5e3 Nxe3+ 49. Nxe3 Nc3 50. Kf3 h5 51. g4 h4 52. g5 a4 53.
Kg4 a3 54. Nc2 a2 55. Kxh4 Ne2 56. Kg4 Nxd4 57. Na1 g6 58. h4 Nf5 59. Nb3 d4
60. Kf3 d3 61. Na1 Nd4+ 0-1

[Event "Oberliga Ost A 2018 2019"]
[Site "?"]
[Date "2019.04.06"]
[Round "10.1"]
[White "Mueller, Frank"]
[Black "Sieber, Fiona"]
[Result "1/2-1/2"]
[WhiteElo "2266"]
[BlackElo "2310"]
[PlyCount "69"]
[EventDate "2018.10.21"]
[EventType "team-tourn"]
[EventCountry "GER"]
[WhiteTeam "Leipzig VfB Schach"]
[BlackTeam "Magdeburg SG Aufbau Elbe"]
[WhiteTeamCountry "GER"]
[BlackTeamCountry "GER"]

1. Nf3 Nf6 2. c4 e6 3. g3 d5 4. Bg2 dxc4 5. Qa4+ c6 6. Qxc4 b5 7. Qb3 Bb7 8. d4
Nbd7 9. Ne5 Nxe5 10. dxe5 Nd5 11. Nc3 Be7 12. O-O O-O 13. Rd1 Qb8 14. Nxd5 exd5
15. e4 dxe4 16. Rd7 Bc5 17. e6 Bc8 18. Rxf7 Qe5 19. Rxf8+ Kxf8 20. Bf4 Qxe6 21.
Qc2 Be7 22. Bxe4 Bb7 23. Bf5 Qf6 24. Qe4 Rd8 25. Be5 Qf7 26. Bxh7 Rd2 27. Bf4
Rxb2 28. Rd1 Rb4 29. Qxb4 Bxb4 30. Rd8+ Qe8 31. Rxe8+ Kxe8 32. Bg6+ Kd7 33. Be5
Bf8 34. Bf5+ Ke7 35. Bd4 1/2-1/2